| 000 | 00588nam a22001937a 4500 | ||
|---|---|---|---|
| 005 | 20251108172854.0 | ||
| 008 | 250721s2004 xx 000 0 ara d | ||
| 082 | 1 | 4 | _a629.25/ عطي |
| 100 | 1 | _aعطيه، عطيه علي | |
| 245 | 1 | 0 | _aالمرجع العلمي لصيانة و إصلاح المحرك / |
| 250 | _aط/2 | ||
| 264 | 1 |
_aالقاهره : _bدار الكتب العلميه للنشر و التوزيع، _c2004. |
|
| 300 | _a216ص | ||
| 650 | 1 | 7 | _aالسيارات |
| 650 | 1 | 7 | _aالصيانة |
| 650 | 1 | 7 | _aالمحركات |
| 942 |
_2ddc _cBK |
||
| 999 |
_c90560 _d90560 |
||